000 00205 a2200097 4500
001 9228
100 _aKhadduri, M.
245 _aThe Islamic law of nations
260 _a
_bHopkins
_c
090 _c7398
_d7398
942 _aNUST-CAE
_cM
_c34042
999 _c244301
_d244301